000 00377nam a2200157Ia 4500
008 210210b1956 xxu||||| |||| 00| 0 eng d
041 _aeng
082 _a821/186
100 _aCROSSLAND (J R) Ed
245 _aNarrative poetry
260 _a
_bCollins Clear Type Press
_c1956
650 _apoetry
650 _aNarrative
690 _aEnglish Literature
906 _a011355
999 _c130030
_d130030